000 01201nam a22002297a 4500
001 2228
005 20250815162709.0
020 _a9789814281256
040 _aFISKH
_beng
_cFISKH
_dFISKH
082 _a428.6
100 _aGiles, Jenny
245 _aCinderella /
_cRetold by Jenny Giles Illustrated by Margaret Power
250 _aFirst published in 1999
260 _aVictoria :
_bCengage Learning Australia,
_c1999
300 _a31 pages :
_billustrations ;
_c21 cm
505 _aK
520 _aPerrault's tale is the best-known of all the Cinderella-type stories and was published in 1697. Iona and Peter Opie ('The Classic Fairytales' Oxford University Press, 1974) describe hundreds of tellings in many languages, including a thousand-year-old Chinese version with remarkable parallels to the current telling in earlier centuries, a girl's only choice of moving from rags to riches was by making a fortunate marriage. 'Cinderella,' the all-time favourite fairytale, epitomises this romantic dream. Set in any small European princedom, circa 19th century.
521 _a590
_bLexile estimate
521 _aK
_bRaz-Plus
700 _aPower, Margaret
_eIllustrator
942 _2ddc
_cBK
_n0
999 _c2228
_d2228